000 00602nam a22002057a 4500
003 OSt
005 20140310182911.0
008 130128t xxu||||| |||| 00| 0 eng d
020 _a9789716918984
050 _aKPM1507 .P31e 2008
082 _aKPM1507 .P31e 2008
245 _aECC basics
_cPe Benito, Galahad R.A.
_bReason, purpose and processes of the environmental impact statement system
260 _aQuezon City
_bCentral Book Supply
_cc2008
300 _a134 p.
_c22 cm.
521 _aCollege students
526 _c1210L-1700L
541 _j1
562 _e1
942 _2lcc
_cBK
_kFIL
999 _c17225
_d17225